Football: Palmarès UEFA saison 2018-2019 - Statistiques

Statistiques générales
  • Ce quiz a été pris 279 fois
    261 depuis la dernière actualisation
  • Le résultat moyen est 15 sur 41
Statistiques - réponses
Réponse % Correct
Manchester City
100%
Juventus Turin
98%
Ajax Amsterdam
96%
Celtic Glasgow
86%
Benfica Lisbonne
79%
Bayern Munich
72%
FC Barcelone
71%
Paris SG
71%
Galatasaray
62%
Young Boys Berne
57%
Chakhtar Donetsk
50%
Zénith Saint-Pétersbourg
49%
APOEL Nicosie
46%
KRC Genk
41%
Etoile Rouge de Belgrade
37%
Slavia Prague
35%
Dinamo Zagreb
33%
PAOK Salonique
32%
Ferencvaros
28%
Red Bull Salzbourg
28%
Maccabi Tel-Aviv
27%
CFR 1907 Cluj
26%
FK Sarajevo
24%
FK Partizani Tirana
23%
Slovan Bratislava
22%
Valletta FC
21%
FC Copenhague
18%
Qarabag FK
18%
F91 Dudelange
17%
FC Santa Coloma
15%
Ludogorets Razgrad
13%
FC Ararat-Armenia
12%
Linfield FC
12%
Lincoln Red Imps
8%
NK Maribor
8%
SP Tre Penne
5%
The New Saints FC
3%
FK Sutjeska Niksic
2%
KF Shkëndija
2%
Piast Gliwice
2%
KF Feronikeli
1%
Aucun quiz correspondant
Distribution des résultats
% des personnes avec chaque résultat
Percentile par nombre de réponses
Votre historique - résultats
Vous n’avez pas pris ce quiz depuis la dernière actualisation